Statistics for Nintendo Switch Characters

Click here to take the quiz!

General Stats

  • This quiz has been taken 55 times
  • The average score is 21 of 135

Answer Stats

Answer% Correct
Mario
100%
Luigi
97%
Link
85%
Princess Peach
82%
Bowser
79%
Zelda
76%
Yoshi
74%
Kirby
71%
Donkey Kong
68%
Wario
68%
Ganon
65%
Diddy Kong
59%
Waluigi
59%
Bowser Jr.
56%
Toad
56%
Samus Aran
53%
Pikachu
50%
Rosalina
50%
King Dedede
47%
Meta Knight
47%
Able Sisters
41%
Dixie Kong
35%
Inklings
35%
Cranky Kong
32%
Tom Nook
32%
Isabelle
29%
Toadette
29%
Captain Falcon
26%
Funky Kong
26%
Cappy
24%
Goomba
24%
Captian Olimar
21%
Ganondorf
18%
Sheik
18%
Baby Luigi
15%
Baby Mario
15%
Shy Guy
15%
Timmy
15%
Tommy
15%
Alph
12%
Falco Lombardi
12%
Fox McCloud
12%
Mary
12%
Min Min
12%
Mr. Game and Watch
12%
Pearl
12%
Ribbon Girl
12%
Spring Man
12%
Callie
9%
Kamek
9%
Little Mac
9%
Marina
9%
Blue Pikmin
6%
Charlie
6%
Epona
6%
Koopalings
6%
Louie
6%
Peppy Hare
6%
Purple Pikmin
6%
Red Pikimin
6%
Rock Pikmin
6%
Sheldon
6%
Slippy Toad
6%
White Pikmin
6%
Winged Pikmin
6%
Yellow Pikmin
6%
Britanny
3%
Cap'n Cuttlefish
3%
Crusty Sean
3%
Jelfonzo
3%
Kapp'n
3%
Master Mummy
3%
Ninjara
3%
Poochy
3%
Rambi
3%
Susie
3%
Villagers
3%
Arachnus
0%
Badinyan
0%
Barq
0%
Bisk
0%
Blathers
0%
Blazion
0%
Bulbord
0%
Byte
0%
Craymond
0%
Digby
0%
Esna
0%
Flow
0%
Gorons
0%
Gracie
0%
Helix
0%
Hovernyan
0%
Insomni
0%
Jibanyan
0%
Judd
0%
Katie
0%
Kid Cobra
0%
K.K Sliders
0%
Komajiro
0%
Komasan
0%
Koopa Trooper
0%
Kracko
0%
Kyubi
0%
Li'l Judd
0%
Lottie
0%
Lyle
0%
Mechanica
0%
Miradox
0%
Nate
0%
Octarians
0%
Porter
0%
Princess Zelda
0%
Pusicle
0%
Qbby
0%
Rhyth
0%
Roughraff
0%
Sgt Burly
0%
Shmoopie
0%
Snotsolong
0%
Snowmads
0%
Steppa
0%
Tethu
0%
Tetra
0%
Tiki Tak Tribe
0%
Tingle
0%
Todal Dude
0%
Twintelle
0%
Venoct
0%
Waddle Dees
0%
Walkappa
0%
Whisper
0%
Whispy Woods
0%
Wiglin
0%

Score Distribution

Percentile by Number Answered

Percent of People with Each Score

Your Score History

You have not taken this quiz